[Event "Santa Fe Litoral op 2nd"]
[Site "Santa Fe"]
[Date "2022.11.12"]
[Round "5"]
[White "Sarla, Miyen"]
[Black "Sobrero, Jose Luis"]
[Result "0-1"]
[WhiteElo "1502"]
[BlackElo "1810"]
[PlyCount "106"]
[EventDate "2022.11.10"]
[EventType "swiss"]
[EventRounds "7"]
[EventCountry "ARG"]
[SourceTitle "CBM 211 Extra"]
[Source "ChessBase"]
[SourceDate "2023.01.31"]
[SourceVersion "1"]
[SourceVersionDate "2023.01.31"]
[SourceQuality "1"]

1. b4 e5 2. a3 d5 3. Bb2 Bd6 4. e3 Nf6 5. d4 e4 6. c4 c6 7. c5 Bc7 8. Ne2 Be6 9. g3 Qe7 10. Bg2 Nbd7 11. Nbc3 Nf8 12. b5 Qd7 13. Qa4 Ng6 14. b6 Bb8 15. Nf4 Bf5 16. Nxg6 hxg6 17. Bf1 Bg4 18. Nb5 a6 19. Nc3 Bf3 20. Rg1 Rxh2 21. Be2 Qg4 22. Qd1 Qh5 23. Bxf3 exf3 24. Rf1 Qg4 25. Qd2 Bxg3 26. 0-0-0 Bh4 27. Rde1 0-0-0 28. Kb1 Ne4 29. Nxe4 Qxe4+ 30. Ka2 Rh8 31. Kb3 Be7 32. a4 R8h4 33. Ba3 Rg2 34. Rh1 Rhh2 35. Rxh2 Rxh2 36. Rf1 Qg4 37. Re1 Bh4 38. e4 Rxf2 39. Qc1 Qe6 40. Qf4 Bd8 41. e5 Qf5 42. Qxf5+ gxf5 43. Bc1 Kd7 44. Be3 Re2 45. Rxe2 fxe2 46. Bf2 f4 47. Kc3 Bg5 48. Kd2 f3+ 49. Ke1 Ke6 50. Bg3 Kf5 51. a5 Ke4 52. e6 fxe6 53. Be5 g6 0-1

[Event "Gualeguaychu Baggio Cup"]
[Site "Gualeguaychu"]
[Date "2019.11.09"]
[Round "3"]
[White "Iregui, Victor"]
[Black "Sobrero, Jose Luis"]
[Result "0-1"]
[WhiteElo "1836"]
[BlackElo "1835"]
[PlyCount "85"]
[EventDate "2019.11.08"]
[EventType "swiss"]
[EventRounds "6"]
[EventCountry "ARG"]
[SourceTitle "EXT 2021"]
[Source "ChessBase"]
[SourceDate "2020.10.23"]
[SourceVersion "1"]
[SourceVersionDate "2020.10.23"]
[SourceQuality "1"]

1. Nf3 d5 2. b3 c5 3. e3 Nf6 4. Bb2 e6 5. c4 Be7 6. d4 cxd4 7. Nxd4 Bb4+ 8. Nc3 Ne4 9. Rc1 Qf6 10. Qf3 Qxf3 11. gxf3 Nxc3 12. Bxc3 Bxc3+ 13. Rxc3 dxc4 14. Bxc4 Bd7 15. Bb5 e5 16. Bxd7+ Kxd7 17. Nb5 Nc6 18. Ke2 Rhd8 19. Rd1+ Ke7 20. a4 a6 21. Na3 Rd6 22. Nc4 Rh6 23. Rg1 Rxh2 24. Rxg7 Rd8 25. Nd2 h5 26. Ne4 Rh1 27. Rd3 Rxd3 28. Kxd3 h4 29. Rh7 Nd8 30. Nc5 Ne6 31. Nxe6 Kxe6 32. Ke2 h3 33. e4 a5 34. f4 exf4 35. Kf3 Rb1 36. Kxf4 Rxb3 37. f3 Rb4 38. Rxh3 Rxa4 39. Rh6+ Ke7 40. Rh8 b5 41. Ke5 Ra3 42. f4 Rd3 43. Ra8 0-1

[Event "Parana Dos Orillas 7th"]
[Site "Parana"]
[Date "2018.08.03"]
[Round "2.5"]
[White "Sobrero, Jose Luis"]
[Black "Sanhueza, Cristian"]
[Result "0-1"]
[WhiteElo "1836"]
[BlackElo "2283"]
[PlyCount "104"]
[EventDate "2018.08.03"]
[EventType "swiss"]
[EventRounds "6"]
[EventCountry "ARG"]
[SourceTitle "EXT 2024"]
[Source "ChessBase"]
[SourceDate "2023.10.10"]
[SourceVersion "1"]
[SourceVersionDate "2023.10.10"]
[SourceQuality "1"]

1. e4 e5 2. Bc4 Nf6 3. d4 exd4 4. Nf3 Nc6 5. 0-0 Nxe4 6. Re1 d5 7. Bxd5 Qxd5 8. Nc3 Qa5 9. Nxe4 Be6 10. Bd2 Bb4 11. c3 dxc3 12. bxc3 Be7 13. Neg5 0-0-0 14. Nxe6 fxe6 15. Qb3 Qd5 16. Rxe6 Rhf8 17. Re2 Bf6 18. Rb1 Na5 19. Qa4 Qc4 20. Qxc4 Nxc4 21. Bg5 Rd3 22. Bxf6 Rxf6 23. Re7 Rg6 24. Nd4 Nd6 25. Rbe1 Rxc3 26. Ne6 Rc2 27. Nf8 b5 28. Nxg6 hxg6 29. Ra1 Nf5 30. Rf7 a5 31. g4 Nh4 32. Rxg7 Kb7 33. Rh7 g5 34. Rf7 Kb6 35. Rg7 b4 36. Kf1 Nf3 37. Kg2 Nh4+ 38. Kg1 a4 39. Kf1 Nf3 40. Kg2 Nh4+ 41. Kf1 b3 42. axb3 axb3 43. Ra3 b2 44. Rb3+ Kc6 45. Re7 Rc1+ 46. Ke2 b1Q 47. Rxb1 Rxb1 48. Re5 Re1+ 49. Kxe1 Nf3+ 50. Ke2 Nxe5 51. h3 Kd5 52. Ke3 Ng6 0-1

[Event "Villaguay op"]
[Site "Villaguay"]
[Date "2016.07.30"]
[Round "5"]
[White "Sobrero, Jose Luis"]
[Black "Abdenur, Luciano"]
[Result "1-0"]
[WhiteElo "1776"]
[BlackElo "1870"]
[PlyCount "111"]
[EventDate "2016.07.29"]
[EventType "swiss"]
[EventRounds "7"]
[EventCountry "ARG"]
[SourceTitle "CBM 173 Extra"]
[Source "ChessBase"]
[SourceDate "2016.08.29"]
[SourceVersion "1"]
[SourceVersionDate "2016.08.29"]
[SourceQuality "1"]

1. e4 c5 2. d4 cxd4 3. c3 dxc3 4. Nxc3 Nc6 5. Nf3 d6 6. Bc4 e6 7. 0-0 Be7 8. Qe2 Nf6 9. Rd1 e5 10. h3 a6 11. Bg5 0-0 12. b4 Nh5 13. Be3 Qe8 14. Nd5 Bd8 15. a3 Ne7 16. Rac1 Nxd5 17. Bxd5 Nf6 18. Bg5 Nxd5 19. Rxd5 Bxg5 20. Nxg5 Qe7 21. Nf3 Be6 22. Rd2 Rac8 23. Rdc2 h6 24. Qe3 Rxc2 25. Rxc2 Rc8 26. Rd2 Rc6 27. Kh2 Qc7 28. Rd3 Rc2 29. Ne1 Rc1 30. Qd2 d5 31. exd5 e4+ 32. d6 Qc8 33. Rd4 Bd7 34. Rxe4 Qc6 35. Re3 Be6 36. Rxe6 fxe6 37. d7 Qc7+ 38. g3 Qd8 39. Qxc1 Qxd7 40. Qe3 Qc6 41. Nf3 Qd5 42. Nd4 e5 43. Nf3 e4 44. Nd2 Qd3 45. Nxe4 Qd1 46. Nc5 Kh8 47. Ne6 Qd5 48. Nf4 Qc6 49. h4 b6 50. h5 a5 51. bxa5 bxa5 52. Qe7 Kh7 53. Ne6 Qc3 54. Qe8 Qf6 55. Nf8+ Kh8 56. Ng6+ 1-0